000 00426nam a22001577a 4500
020 _a978-93-5009-318-4
082 _a920
_bBAI/A
100 _aBAILEY, GERRY
100 _aFOSTER, KAREN
245 _aALEXANDER
_bTHE GREAT CONQUEROR
260 _aGURGAON
_bHACHETTE INDIA
_c2014
300 _a36
520 _aTHE FULLY ILLUSTRATED LIFE STORIES OF THE WORLD'S MOST INSPIRING PEOPLE
650 _aBIOGRAPHY
_zINDIA
942 _cBK
999 _c5863
_d5863